| 000 | 00813cab a2200217 4500 | ||
|---|---|---|---|
| 001 | WB3422-19 | ||
| 008 | 090401t1998 xxu||||| |||| 00| 0 eng d | ||
| 035 | _a(Sirsi) u86712 | ||
| 041 | _aeng | ||
| 245 | _aFactory outlets seek Competition immunity | ||
| 260 | _c1998 | ||
| 350 | _a0 | ||
| 490 |
_aProperty Week _v63(8) 5 June 1998, 6(1) |
||
| 520 | _aFactory outlets could be under threat from the proposed Competition Bill according to the RICS which has written to the Office of Fair Trading to ask that the use of lease clauses to ensure tenants trade at discount prices are exempt from the Bill. | ||
| 650 | _aANTI-COMPETITIVE AGREEMENTS | ||
| 650 | _aCOMPETITION BILL | ||
| 650 | _aFACTORY OUTLETS | ||
| 690 | _aPROPERTY-COMMERCIAL PROPERTY-RETAIL PROPERTY | ||
| 942 | _n0 | ||
| 948 | _c09/06/1998 | ||
| 999 |
_c54602 _d54602 |
||